01135nam a2200241Ia 4500001001100000003001000011008004100021040002500062041001100087100001500098245002300113250001100136260006400147300002700211500014600238501011400384520014600498650003200644942000700676957000600683999004200689952016200731L485-25664IT-CnALBA170116s9999||||xx |||||||||||||| ||und|| aIT-CnALBAcIT-CnALBA aGRECO  aSIVIERI A. 0aGRAMMATICA GRECA.  a2a ed. a FIRENZE MESSINAbD'ANNA CASA EDITR. c1971 [1° Ed.: n.d.] a374 p. (prefazione: 5) aI SUONI. LEGGI FONETICHE. LE FORME. DECLINAZIONI AGGETTIVI. IL VERBO, CONIUGAZIONI. I COSTRUTTI. INDICE DELLE PAROLE GRECHE E COSE NOTEVOLI.  aSocietà San Paolo EM - Piazza San Paolo, 14 - 12051 ALBA (CN) (non commercial uses only) ® Copyright 2017 aI SUONI. LEGGI FONETICHE. LE FORME. DECLINAZIONI AGGETTIVI. IL VERBO, CONIUGAZIONI. I COSTRUTTI. INDICE DELLE PAROLE GRECHE E COSE NOTEVOLI.  aGRAMMATICA GRECA - ESERCIZI cBK 71 a30451bNOg Copie: 1 c284777d284777 0010406L_4852566471aALBAbALBAd2017-01-16l0oL485-25664r2017-01-16 00:00:00w2017-01-16yBKz(data import: 16 gennaio 2017) - By Epidotti, Vaglietti.